000
00291nam a22001337a 4500
008
181205b xxu||||| |||| 00| 0 eng d
020
_a
9780781770767
041
_a
eng
080
_2
5 TH
_a
618
100
_a
8
101
_a
KIR
245
_a
Surgical Recall
_c
Lorne.H.B
942
_2
udc
_c
BK
999
_c
52877
_d
52877